LEADER 01991nas 2200421 n 450 001 990008963860403321 005 20240229084531.0 011 $a0740-0020 035 $a000896386 035 $aFED01000896386 035 $a(Aleph)000896386FED01 035 $a000896386 091 $2CNR$aP 00145298 100 $a20161109a19849999km-y0itaa50------ba 101 0 $aeng 102 $aGB 110 $aauu-------- 200 1 $aFood microbiology 207 1$a1984- 210 $aLondon$cAcademic Press 326 $aBimestrale 452 0$12001$aFood microbiology (Online) 530 0 $aFood microbiology 675 $a664 676 $a664.028 801 0$aIT$bACNP$c20090723 859 4 $uhttp://acnp.cib.unibo.it/cgi-ser/start/it/cnr/dc-p1.tcl?catno=76977&person=false&language=ITALIANO&libr=&libr_th=unina1$zBiblioteche che possiedono il periodico 901 $aSE 912 $a990008963860403321 958 $aBiblioteca. Dipartimento di Scienze Zootecniche ed Ispezione degli Alimenti dell'Università Federico II. Sezione di Ispezione degli Alimenti$b1998-$fDMVIA 958 $aBiblioteca. Dipartimento Scienza degli Alimenti. Sez. Microbiologia Agraria. Università Federico II di Napoli (Palazzo Mascabruno)$b1993-$fDAGMI 959 $aDMVIA 959 $aDAGMI 996 $aFood microbiology$9409886 997 $aUNINA AP1 8 $6866-01$aNA095 Biblioteca. Dipartimento di Scienze Zootecniche ed Ispezione degli Alimenti dell'Università Federico II. Sezione di Ispezione degli Alimenti$ev. Delpino,1, Napoli (NA)$m(081) 459560$m(081) 458683$nit AP1 8 $6866-02$aNA138 Biblioteca. Dipartimento Scienza degli Alimenti. Sez. Microbiologia Agraria. Università Federico II di Napoli (Palazzo Mascabruno)$ev. Università,100, Portici (NA)$m08125.39322$nit AP2 40$aacnp.cib.unibo.it$nACNP Italian Union Catalogue of Serials$uhttp://acnp.cib.unibo.it/cgi-ser/start/it/cnr/df-p.tcl?catno=76977&language=ITALIANO&libr=&person=&B=1&libr_th=unina&proposto=NO LEADER 01487nas 2200481- 450 001 996279573203316 005 20210927213032.0 011 $a2376-4562 035 $a(OCoLC)798811118 035 $a(CKB)2560000000085094 035 $a(CONSER)--2012203182 035 $a(DE-599)ZDB2684721-8 035 $a(EXLCZ)992560000000085094 100 $a20120711a20139999 --- a 101 0 $aeng 135 $aur||||||||||| 181 $ctxt$2rdacontent 182 $cc$2rdamedia 183 $acr$2rdacarrier 200 00$aIEEE transactions on emerging topics in computing 210 1$aNew York, N.Y. :$cInstitute of Electrical and Electronics Engineers 215 $a1 online resource 311 $a2168-6750 517 1 $aIEEE TETC 517 1 $aITETBT 531 0 $aIEEE trans. emerg. top. comput. 606 $aInformation technology$vPeriodicals 606 $aComputers$vPeriodicals 606 $aComputers$2fast$3(OCoLC)fst00872776 606 $aInformation technology$2fast$3(OCoLC)fst00973089 608 $aPeriodicals.$2fast 610 $aInformation Technology 615 0$aInformation technology 615 0$aComputers 615 7$aComputers. 615 7$aInformation technology. 676 $a004 712 02$aInstitute of Electrical and Electronics Engineers. 712 02$aIEEE Computer Society. 906 $aJOURNAL 912 $a996279573203316 996 $aIEEE transactions on emerging topics in computing$92580222 997 $aUNISA LEADER 06159nam 2200829 a 450 001 9910974324103321 005 20240313160853.0 010 $a9786613238283 010 $a9781283238281 010 $a1283238284 010 $a9781779221599 010 $a1779221592 010 $a9781779221605 010 $a1779221606 010 $a9781779221582 010 $a1779221584 035 $a(CKB)2550000000054321 035 $a(EBL)1134952 035 $a(OCoLC)830166540 035 $a(SSID)ssj0000534446 035 $a(PQKBManifestationID)12181025 035 $a(PQKBTitleCode)TC0000534446 035 $a(PQKBWorkID)10526890 035 $a(PQKB)10296172 035 $a(OCoLC)778696248 035 $a(MdBmJHUP)muse21769 035 $a(Au-PeEL)EBL1134952 035 $a(CaPaEBR)ebr10498112 035 $a(CaONFJC)MIL323828 035 $a(PPN)187343128 035 $a(MiAaPQ)EBC1134952 035 $a(FR-PaCSA)88825012 035 $a(FRCYB88825012)88825012 035 $a(EXLCZ)992550000000054321 100 $a20110715d2011 uy 0 101 0 $aeng 135 $aurcn||||||||| 181 $ctxt 182 $cc 183 $acr 200 00$aBeyond the enclave $etowards a pro-poor and inclusive development strategy for Zimbabwe /$fedited by Godfrey Kanyenze ... [et al.] 205 $a1st ed. 210 $aHarare $cWeaver Press in association with Alternatives to Neo-liberalism in Southern Africa, Labour & Economic Development Research Institute, Zimbabwe and the Zimbabwe Congress of Trade Unions$d2011 215 $a1 online resource (548 p.) 300 $aDescription based upon print version of record. 311 0 $a9781779221513 311 0 $a1779221517 320 $aIncludes bibliographical references. 327 $aCover; Title page; Copyright page; Contents; Foreword; Acknowledgements; Acronyms; Chapter 1 - Conceptual Framework and Overview; 1.1 Introduction; 1.2 The Legacy of Enclavity and Dualism; 1.3 Rethinking Development: The International Context; 1.4 The International Aid Architecture; 1.5 The Underlying Values and Principles of the Alternative Framework; 1.6 Methodology of the Analysis and Overall Structure; References; Chapter 2 - Towards a Macroeconomic Framework for Pro-poor and Inclusive Growth; 2.1 Introduction 327 $a2.2 Evolution in Macroeconomic Thinking: From the Washington Consensus to Pro-poor and Inclusive Growth2.3 Post-Independence Performance of the Economy; 2.4 Recommendations and the Way Forward; 2.5 Conclusion; References; Chapter 3 - Land, Agriculture and Rural Development; 3.1 Introduction; 3.2 The Inherited Dual and Enclave Structure of Agriculture; 3.3 Land, Agriculture and Rural Development in the 1980's; 3.4 Land, Agriculture and Rural Development, 1991-1996; 3.5 The Land Issue during the Crisis Period, 1997-2000; 3.6 Land, Agriculture and Rural Development, 2000-2008 327 $a3.7 Land, Agriculture and Rural Development, 2009-2010 3.8 Strategies for Agricultural Recovery and Rural Development; References; Appendix to Chapter 3; Chapter 4 - Manufacturing; 4.1 Introduction; 4.2 The First Decade of Independence, 1980-1990; 4.3 The ESAP Period, 1991-1996; 4.4 The Crisis Period, 1997-2008; 4.5 The Transitional Period, 2009-2010; 4.6 Recommendations and the Way Forward; References; Chapter 5 - Mining; 5.1 The First Decade of Independence, 1980-1990; 5.2 The ESAP Period, 1991-1996; 5.3 The Crisis Period, 1997-2008; 5.4 The Way Forward; Chapter 6 - Gender; 6.1 Introduction 327 $a6.2 Background to Gender Inequality in Zimbabwe6.3 The Impact of Policies on Gender; 6.4 Initiatives to Address Gender Inequality and Inequity; 6.5 Alternative Pro-Gender Development/Equity Policies; 6.6 Conclusion; References; Chapter 7 - The Labour Market; 7.1 Introduction; 7.2 The Role of the Labour Market in Poverty Reduction; 7.3 Labour-Market Policy in Zimbabwe, 1980-2008; 7.4 Labour-Market Performance and Outcomes, 1980-2008; 7.5 The Transitional Period, 2009-2010; 7.6 Regulated Flexibility and the Global Decent Work Agenda; 7.7 Strategic Objectives and Recovery Policies; References 327 $aChapter 8 - Education and Training 8.1 Introduction; 8.2 The Concepts and Roles of Education and Training; 8.3 Education and Training Provision in Zimbabwe, 1980-2009; 8.4 Higher and Tertiary Education (Vocational and University); 8.5 The Brain Drain; 8.6 International Experiences and Trends in Education and Training; 8.7 Sustainable Recovery Policies and Policy Measures; References; Chapter 9 - Social Services: Housing, Health and Social Protection; 9.1 Housing; 9.2 Health; 9.3 Social Protection; References; Chapter 10 - Science and Technology Development; 10.1 Introduction 327 $a10.2 Science, Technology and Development 330 $aBeyond the Enclave sets out to unravel the contradiction of a country, Zimbabwe, where a rich, diverse resource base co-exists with endemic poverty. One reason lies in the colonial economy, which was predicated on an ideology of white supremacy, creating an enclave formal economy employing one-fifth of the labour force. Yet over three decades after independence, the non-formal segment has become even more entrenched. This book assesses Zimbabwei?s economy through three main phases: 1980-90 when a strong social policy framework proved difficult to sustain due to erratic growth, and 1991-96, when 606 $aBUSINESS & ECONOMICS / Development / Economic Development$2bisacsh 606 $aLAW / Natural Resources$2bisacsh 607 $aZimbabwe$xEconomic policy 607 $aZimbabwe$xEconomic conditions$y1980- 615 7$aBUSINESS & ECONOMICS / Development / Economic Development 615 7$aLAW / Natural Resources 701 $aKanyenze$b Godfrey$01795503 712 02$aAlternatives to Neo-Liberalism in Southern Africa. 712 02$aLabour & Economic Development Research Institute Zimbabwe. 712 02$aZimbabwe Congress of Trade Unions. 801 0$bMiAaPQ 801 1$bMiAaPQ 801 2$bMiAaPQ 906 $aBOOK 912 $a9910974324103321 996 $aBeyond the enclave$94336868 997 $aUNINA